000 00357nam a2200145Ia 4500
008 240830s1990 xx 000 0 und d
041 _aeng
082 _a0 DUR
100 _aDURGA PARANJAPE
245 _aKOUMARBHRTYATANTRA BAL VIDNYANIYA
260 _bM.V.GRANTH MANDAL , NAGPUR
_c1990
650 _aBAL-ROG
906 _aN.D.
999 _c1194869
_d1194869